000 00596nam a2200169Ia 4500
008 090711s9999 xx 000 0 und d
082 _b25782
100 _aकालेलकर मधुसूदन
245 _aपदरी पडलं पवित्र झालं
260 _c1969
300 _a112
600 _aकालेलकर मधुसूदन
630 _aपदरी पडलं पवित्र झालं
700 _aकालेलकर मधुसूदन
730 _aपदरी पडलं पवित्र झालं
942 _cBOOK
999 _c305661
_d305661